000 00347nam a22001457a 4500
003 OSt
005 20160727222359.0
008 160623b xxu||||| |||| 00| 0 eng d
040 _cTEST
100 _9639
_aSekar, P, C
245 _aOrganisational Behaviour
260 _aMADURAI
_bENPEE
_c2000
300 _aOrganisational Behaviour
942 _2ddc
_cBK
999 _c522
_d522